Quizzes
Events
Quiz Creation
Community
Videos
Private Events
Remove Ads
Sign In
Join for FREE
Feedback
Dark Mode
Quiz Categories
Sports
Geography
Music
Movies
Television
Just For Fun
Miscellaneous
History
Literature
Language
Science
Gaming
Entertainment
Religion
Holiday
For Kids
Quiz Lab
Recent
Popular Today
Quiz Kudos Today
Editor Picks
Curator Picks
Quizzes by...
Day
Popularity
Type
Ratings
Length
Year
Community
Subscriptions
Recent Discussions
Orange Saloon
Badges
Playlists
Quests
Create
Leaderboards
Showdown
Live 5
Trivia Bingo
Activity
Puzzle Library
Sporcle Events
Private Events
Virtual Trivia
Globe League
Become a Host
Pub Owners
SporcleCon
Opinionation
Our Games
Videos
Blog
Mobile Apps
Partnerships
Remove Ads and Go Orange
Feedback
Sports
Athletes
MLB
NBA
NHL
NFL
Soccer
Sports Teams
WWE
NCAA
Football
Premier League
Basketball
Baseball
Hockey
Golf
Tennis
Cricket
Rugby
Auto Racing
Olympics
World Cup
Sports
Athletes
MLB
NBA
NHL
NFL
Soccer
Sports Teams
WWE
NCAA
Football
Premier League
Basketball
Baseball
Hockey
Golf
Tennis
Cricket
Rugby
Auto Racing
Olympics
World Cup
Random Quiz
Search Sporcle
×
Quiz Lab
Quiz Lab
Sports
Football
Type in answers that appear in a list
Type in answers that appear in a list
Classic
Best Score? Go Orange.
2000 AFL Grand Final Players Stats
Can you name the players who played in the 2000 AFL Grand Final?
By
SergeantQ
6m
46 Questions
292 Plays
292 Plays
292 Plays
Comments
Comments
Give Quiz Kudos
Give Quiz Kudos
-
- Ratings
hide this ad
More Info
Replay
Link that replays current quiz
Next Quiz
Link to next quiz in quiz playlist
You Got
0%
They Got
Avg Score
63%
Avg Friend Score
Upgrade to see
Score Distribution
Jump to the score distribution portion of the page
Score
0/46
Timer
06:00
0
Plays Today
Named Position
Name
% Correct
Half Forward Flank
James Hird
96.6%
Full Forward
Matthew Lloyd
95.2%
Coach
Kevin Sheedy
92.1%
Full Forward
David Neitz
90.1%
Fullback
Dustin Fletcher
89.7%
Centre Half Forward
Scott Lucas
89%
Coach
Neale Daniher
79.5%
Forward Pocket
Michael Long
79.1%
Back Pocket
Mark Johnson
77.1%
Rover
Jason Johnson
77.1%
Half Forward Flank
Mark Mercuri
75.7%
Ruck
Jeff White
75.7%
Centre
Joe Misiti
74.7%
Ruck
John Barnes
74.7%
Forward Pocket
Jeff Farmer
73.6%
Half Forward Flank
Brad Green
72.3%
Wing
Blake Caracella
70.9%
Centre
Shane Woewodin
69.9%
Half Back Flank
Damien Hardwick
69.5%
Back Pocket
Sean Wellman
66.8%
Centre Half Forward
David Schwarz
66.1%
Interchange
Paul Barnard
65.8%
Interchange
Steven Alessio
65.4%
Named Position
Name
% Correct
Wing
Adem Yze
65.4%
Wing
Chris Heffernan
63.4%
Ruck Rover
Justin Blumfield
63.4%
Forward Pocket
Russell Robertson
61.6%
Centre Half Back
Dean Wallis
61.3%
Interchange
Gary Moorcroft
61.3%
Wing
Anthony McDonald
59.6%
Interchange
Troy Simmonds
56.5%
Half Back Flank
Dean Solomon
56.2%
Interchange
Darren Bewick
55.8%
Forward Pocket
Adam Ramanauskas
52.1%
Rover
Andrew Leoncelli
45.5%
Half Back Flank
Steven Febey
45.2%
Interchange
Travis Johnstone
45.2%
Back Pocket
Alistair Nicholson
42.5%
Ruck Rover
Guy Rigoni
42.5%
Fullback
Anthony Ingerson
40.8%
Back Pocket
Daniel Ward
39.4%
Half Forward Flank
Stephen Powell
37.3%
Half Back Flank
Peter Walsh
32.9%
Interchange
Ben Beams
32.5%
Centre Half Back
Matthew Collins
28.1%
Interchange
Brent Grgic
27.1%
Quiz Playlist
Details
Report
Send in Message
Add To Playlist
More Info:
22 of both teams plus coaches!
Classic:
Type in answers that appear in a list
Quiz Source
Last Updated: Feb 16, 2017
Quiz Scoreboard
CHALLENGE
Sign Up to Join the Scoreboard
Show All
Scores
Hide
Comments
May contain spoilers
Recently Published
Movies - When Are They Set?
by FPL_Elf
Movies
5m
Popular People in 1961
by mucciniale
History
6m
1-10 Letter E Words III
by El_Dandy
Language
2m
More to Explore
Quiz From the Vault
Featured Blog Post
Where Did the Easter Bunny Come From?
hide this ad
You Might Also Like...
Tags
Football Quiz
2000
AFL
final
grand
name
Player
Today's Top Quizzes in Sports
Browse Sports
hide this ad
Today's Top Quizzes in Football
Browse Football
Top Contributed Quizzes in Sports
1
Les meilleurs buteurs des matchs entre le PSG et l’OM
2
2022 World Cup Stars
3
FIFA Club World Cup Champions
4
Les entraîneurs de l'OM et du PSG au 21e siècle
5
Name the Premier League winners with different clubs
6
La finale Lions - Afrique du Sud 2021
7
Criteria MLB: Left Handed Sluggers
8
Les joueurs passés par le LOSC et le RC Lens
9
Players with Multiple 50 Home Run Seasons
10
MLB Players with Two .350 Batting Average Seasons
Explore More
Trending Topics
Disney
NBA
Anime
Crossword
Kpop
Marvel
Harry Potter
The Office
WWE
Country
Soccer
Song
Pokémon
Puzzle
NFL
hide this ad
More By:
SergeantQ
Quiz
Plays
Rating
Category
Featured
Created
2009 AFL Grand Final Players
995
4.83
Sports
Nov 12, 2009
Hearthstone Mage Cards
575
5.00
Gaming
Nov 18, 2014
Hearthstone Warlock Cards
425
3.67
Gaming
Nov 17, 2014
2010 AFL Grand Final Players
420
5.00
Sports
Apr 26, 2011
Highest AFL DreamTeam Scores
415
4.25
Gaming
Apr 21, 2010
Go to Creator's Profile
Score Distribution
Quiz Creator Spotlight
SergeantQ
Follow
Send a Message
Quizzes Created
-
Created Quiz Play Count
-
More By This Creator
Popular Quizzes Today
1
Find the Countries of Europe - No Outlines Minefield
2
Find the US States - No Outlines Minefield
3
The Countries of the World
4
Popular People in 1961
5
US States
6
1-10 Letter E Words III
7
Find the US States
8
One Thing in Common: World Cities II
More Sports Quizzes
100+ Midfielder with Most Champions League Appearances
Quiz Lab
Trending Quizzes
Risky Map Clicking: Least Populous States A-Z
1-10 Letter F Words
1-10 Letter G Words
One Thing in Common: United Kingdom
Risky Map Clicking: Next State Alphabetically
Recently Updated
Leaping Animals
pecheneg
Reality TV Shows (A-Z)
bhenderson79
Rickey Henderson's Hall of Fame Teammates
pecheneg
Champions League XIs: Arsenal
pecheneg
Quick Pick: Celebrities in WWE's Hall of Fame
aduchscher
A-Z Keypad Blitz II
pecheneg
Multiple Oscar Actors
pecheneg
Mystery Phrase Blitz: Oscar 'Best Actors'
pecheneg
F. Scott Fitzgerald Novels
LTH
Pick 3 Villains
ddd62291
Trending Topics
Disney
NBA
Harry Potter
Marvel
Kpop
Crossword
Anime
The Office
Soccer
Puzzle
Song
Country
NFL
Pokémon
WWE
Your Account Isn't Verified!
In order to create a playlist on Sporcle, you need to verify the email address you used during registration. Go to your
Sporcle Settings
to finish the process.
Report this User
Report this user for behavior that violates our
Community Guidelines
.
Details:
Send Report
Go to the Sporcle.com Mobile Site →
Comments